| 000 | 01213nam a22001817a 4500 | ||
|---|---|---|---|
| 999 |
_c63760 _d63760 |
||
| 003 | Ge_BSU | ||
| 005 | 20260109144413.0 | ||
| 008 | 260109s1989 ge ||||| |||| 00| 0 geo d | ||
| 041 | _ageo | ||
| 080 | _a911.3:33(100)(075.3) ს-17 | ||
| 245 |
_aსაზღვარგარეთის ქვეყნების ეკონომიკური გეოგრაფია : _bსაშ. სკოლის მე-10 კლ. სახელმძღვ. / _c [ავტ.: ა.გ. არტემიევა, ვ.პ. მაქსაკოვსკი, ს.ნ. რაკოვსკი, ი.ნ. სმინდოვიჩი, მ.გ. სოლოვიოვა]; რედ.: ვ.ა. მაქსაკოვსკი. |
||
| 250 | _aმე-12 გადამუშავებული გამოცემა | ||
| 264 |
_aთბ. : _bგანათლება, _c1989. |
||
| 300 |
_a397 გვ. : _bილ. ; _c22 სმ. |
||
| 653 | _aსაზღვარგარეთის ქვეყნების ეკონომიკური გეოგრაფია | ||
| 700 |
_aაქსაკოვსკი, ვ.ა. _eრედაქტორი _926633 |
||
| 942 |
_2udc _cᲬᲘᲒᲜᲘ |
||